00529nam a2200157Ia 4500008004100000020001800041050001200059100002700071245008600098250000600184260002200190300001100212650004200223952008900265999001700354120626s9999 xx 000 0 und d a968-18-1186-0 aH62 T34 aTAMAYO Y TAMAYO, Mario aMetodología Formal de la Investigación Científica / Marío Tamayo y Tamayo a2 aMéxico : Limusa a159 p. a1. CIENCIAS SOCIALES - METODOLOGIAÌ 00104070a09b09d2007-09-20l0oH62 T34p09 002027r2012-06-26t1w2012-06-26yLB c63979d63979